ბათუმის შოთა რუსთაველის სახელმწიფო უნივერსიტეტის ბიბლიოთეკა

ჩანაწერი Personal Name

ჩანაწერთა რაოდენობა, რომელიც გამოყენებულია: 1

001 - CONTROL NUMBER

  • control field: 22952

003 - CONTROL NUMBER IDENTIFIER

  • control field: GE_BSU

005 - DATE AND TIME OF LATEST TRANSACTION

  • control field: 20240725125604.0

008 - FIXED-LENGTH DATA ELEMENTS

  • fixed length control field: 240725|| aca||aabn | a|a d

040 ## - CATALOGING SOURCE

  • Original cataloging agency: GE_BSU
  • Transcribing agency: GE_BSU

100 ## - HEADING--PERSONAL NAME

  • Personal name: ხალვაში,მერაბ
  • Relator term: სამეცნიერო ხელმძღვანელი

670 ## - SOURCE DATA FOUND

  • Source citation: Work cat.: (GE_BSU): როგავა, ანდრია 22951, ლინისტური და რომაული პერიოდის კოლხური ამფორების ტექნოლოგია და წარმომავლობა ზღვისპირა აჭარის რეგიონში (არქეომეტრიული კვლევა) /